000 01885nam a22002417a 4500
999 _c63062
_d63062
003 Ge_BSU
005 20250528140923.0
008 250528s2023 ge ||||| |||| 00| 0 geo d
020 _a9789941859359
041 _ageo
080 _a1(3) რ-25
100 _aრასელი, ბერტრან
_913977
245 _aდასავლური ფილოსოფიის ისტორია :
_b [3 წიგნად]. წიგნი 1, (ანტიკური ფილოსოფია) /
_cბერტრან რასელი; მთარგმნელი დიმიტრი უჩანეიშვილი; რედაქტორი გიორგი თავაძე; აღმოსავლეთ ევროპის უნივერსიტეტი, ვარლამ ჩერქეზიშვილის სახ. ინტერდისციპლინური კვლევების ცენტრი.
250 _aმე-2 შესწორებული გამოცემა.
264 _aთბილისი :
_biBooks,
_c 2023.
300 _a374 გვ. ;
_b24 სმ.
501 _aსახელთა საძიებელი: გვ. 366-373.
653 _aანტიკური ფილოსოფია
700 _aუჩანეიშვილი, დიმიტრი
_eმთარგმნელი
_913895
700 _aთავაძე, გიორგი
_eრედაქტორი, წინასიტყვაობის ავტორი
_92230
700 _aაღმოსავლეთ ევროპის უნივერსიტეტი
_eვარლამ ჩერქეზიშვილის სახ. ინტერდისციპლინური კვლევების ცენტრი.
_925152
942 _2udc
_cᲬᲘᲒᲜᲘ